| 000 | 00429cam a2200169ua 4500 | ||
|---|---|---|---|
| 041 |
_aeng _h |
||
| 082 |
_a628.7 _bWRI/RU |
||
| 100 | _aWright, Forrest B . | ||
| 245 |
_aRural Water Supply and Santation / _cB Forrest Wright. _hTextual Documents |
||
| 250 |
_a2 / _b. |
||
| 260 |
_aNew york : _b John Wiley & Sons , _c1956. |
||
| 300 | _a347 ; . | ||
| 504 | _a | ||
| 942 | _cBK | ||
| 999 |
_c3106 _d3106 |
||